00486 2200193 4500245004900000020002200049250001100071100002200082700001100104700002100115650001700136005001900153260004100172041001400213084001300227300003200240336000900272338001100281 aYo-Kai Watch Vol. 1cKonishi, NoriyukihText a978-602-02-7692-2 aCet. 1 aKonishi, Noriyuki aFaizal aYenny Hendrawati aKomik Jepang a20230203134633 aJakartabElex Media Komputindoc2015 aIndonesia a741.5592 a... jil. :bilus. ;c17 cm. atext avolume